Loading...
| BB | 1 | 6 | 1 | 1 | 70 | 56 | 100.29 | 1 | 7 | 0.00 | 0.00 |
| RC | 2 | 3 | 0 | 1 | 60 | 31 | 81.20 | 0 | 5 | 0.00 | 0.00 |
| AG | 1 | 2 | 0 | 1 | 35 | 53 | 85.00 | 1 | 3 | 0.00 | 0.00 |
| AW | 1 | 2 | 0 | 1 | 35 | 89 | 99.67 | 1 | 3 | 0.00 | 0.00 |
| TR | 1 | 2 | 0 | 1 | 35 | 81 | 106.00 | 2 | 3 | 0.00 | 0.00 |
| MB | 0 | 4 | 2 | 1 | 30 | 63 | 94.25 | 3 | 4 | 0.00 | 0.00 |
| RR | 1 | 2 | 1 | 0 | 30 | 18 | 67.33 | 2 | 3 | 0.00 | 0.00 |
| MV | 0 | 1 | 0 | 0 | 10 | 114 | 114.00 | 0 | 1 | 0.00 | 0.00 |
| AR | 0 | 1 | 0 | 0 | 10 | 138 | 138.00 | 0 | 1 | 0.00 | 0.00 |
| DM | 0 | 2 | 2 | 0 | 10 | 68 | 73.50 | 2 | 2 | 0.00 | 0.00 |
| KD | 0 | 0 | 1 | 0 | -5 | 0.00 | 0 | 0 | 0.00 | 0.00 |
| RR | core and periphery | 15 | 18 |
| RC | oranges | 15 | 31 |
| DM | the federation of Australia | -5 | 39 |
| AG | testosterone | 15 | 53 |
| BB | sunspots | 15 | 56 |
| MB | fantasias | 10 | 63 |
| RC | Eleanor Catton | 15 | 66 |
| MB | the Moon | -5 | 67 |
| DM | Russia | 10 | 68 |
| RR | Reconstruction | 10 | 73 |